000 00694cam a22002411 4500
001 sa 67000362
003 DLC
005 20260227112314.0
008 870825s1964 io ach b 000 0 ind
010 _asa 67000362
035 _a(OCoLC)16564964
040 _aDLC
_cCU
_dDLC
042 _apremarc
043 _aa-io---
050 0 0 _aDS644
_b.K42 1964
100 1 _aKertapati, Sidik.
245 1 0 _aSekitar proklamasi 17 Agustus 1945.
250 _aTjet. 3, diperbaiki dan diperluas.
260 _aDjakarta,
_bJajasan "Pembaruan,"
_c1964.
300 _a 182 p.
_billus., facsim., port.
_c21 cm.
504 _aBibliography: p. 182.
651 0 _aIndonesia
_xHistory
_yRevolution, 1945-1949.
999 _c71937
_d71937